| 000 | 00483nam a22001697a 4500 | ||
|---|---|---|---|
| 999 |
_c7189 _d7189 |
||
| 003 | OSt | ||
| 005 | 20190123194728.0 | ||
| 008 | 190123b ||||| |||| 00| 0 eng d | ||
| 040 | _cDLC | ||
| 082 |
_a264 _bH848f |
||
| 100 | _aHoward, Michael; | ||
| 245 |
_aFeasting at the KIng's Table/ _bA Study of Communion in Today's Modern-day Church/ |
||
| 260 |
_aChantilly: _bOUt of Africa Publishers: _cc. 2000 |
||
| 300 |
_a112 p.; _c20cm |
||
| 650 | _2christian Fellowhsip | ||
| 942 |
_2ddc _cBK |
||